[Event "Lvov Privalov Memorial"]
[Site "Lvov"]
[Date "2015.11.25"]
[Round "5"]
[White "Pugachov, Ilia"]
[Black "Naboka, Sergey"]
[Result "0-1"]
[WhiteElo "2115"]
[BlackElo "2243"]
[PlyCount "119"]
[EventDate "2015.11.23"]
[EventType "tourn"]
[EventRounds "9"]
[EventCountry "UKR"]
[EventCategory "1"]
[SourceTitle "CBM 169 Extra"]
[Source "ChessBase"]
[SourceDate "2015.12.18"]
[SourceVersion "1"]
[SourceVersionDate "2015.12.18"]
[SourceQuality "1"]

1. d4 Nf6 2. c4 c5 3. d5 e6 4. Nc3 exd5 5. cxd5 Bd6 6. Nf3 0-0 7. e4 Bc7 8. Bd3 d6 9. h3 Re8 10. 0-0 Ba5 11. Re1 Nbd7 12. Bf4 c4 13. Bxc4 Bxc3 14. bxc3 Rxe4 15. Rxe4 Nxe4 16. Qd4 Ndc5 17. Re1 Bf5 18. Bd3 Ng3 19. Bb5 a6 20. Bxg3 axb5 21. Qf4 Bg6 22. Qxd6 Ne4 23. Qxd8+ Rxd8 24. Nd4 f5 25. d6 Nxg3 26. fxg3 Rxd6 27. Re6 Rxe6 28. Nxe6 Bf7 29. Nd4 g6 30. a3 Bc4 31. Kf2 Kf7 32. h4 Ke7 33. h5 Kd6 34. hxg6 hxg6 35. Ke3 Kc5 36. Nf3 Bd5 37. Nd2 Bxg2 38. Kf4 Be4 39. g4 Bc2 40. g5 Bd1 41. Nf1 Kb6 42. Ne3 Bb3 43. Ke5 Ka5 44. Ng2 Ka4 45. Nf4 Kxa3 46. Nxg6 Kb2 47. Kd4 Bf7 48. Ne5 Bg8 49. g6 Kb3 50. Nd3 b6 51. g7 Bh7 52. Nf4 Bg8 53. Nd5 Bf7 54. Nxb6 f4 55. Nd5 f3 56. Ne3 f2 57. Kd3 Bg8 58. Kd4 Bh7 59. Nf1 Kc2 60. c4 0-1